Countries Fact Files (easy) Quiz Stats

 Plays Quiz not verified by Sporcle

Challenge
Share
Tweet
Embed
Score 0/30 Timer 03:00
0 Plays Today
Hint Answer % Correct
UK CAPITALLondon
97.3%
CHINA CAPITALBeijing
95.9%
UK LANGUAGEEnglish
94.6%
UK BORDERIreland
93.2%
NETHERLANDS CAPITALAmsterdam
91.9%
CHINA BORDERRussia...
91.9%
NETHERLANDS BORDERGermany...
90.5%
BRAZIL CAPITALBrasilia
90.5%
NETHERLANDS LANGUAGEDutch
89.2%
CHINA LANGUAGEMandarin...
89.2%
BRAZIL BORDERArgentina...
89.2%
BRAZIL LANGUAGEPortuguese
86.5%
SWEDEN CAPITALStockholm
86.5%
SWEDEN BORDERNorway...
86.5%
SWEDEN LANGUAGESwedish
85.1%
Hint Answer % Correct
EGYPT CAPITALCairo
83.8%
SOUTH AFRICA BORDERBotswana...
81.1%
MEXICO CAPITALMexico City
81.1%
INDIA CAPITALNew Delhi
81.1%
THAILAND CAPITALBangkok
78.4%
THAILAND LANGUAGEThai
78.4%
MEXICO BORDERUSA...
78.4%
MEXICO LANGUAGESpanish
78.4%
EGYPT BORDERSudan...
77%
THAILAND BORDERCambodia...
77%
INDIA BORDERPakistan...
77%
EGYPT LANGUAGEArabic
75.7%
INDIA LANGUAGEHindi...
68.9%
SOUTH AFRICA CAPITALPretoria...
67.6%
SOUTH AFRICA LANGUAGEZulu...
64.9%

You're not logged in!

Compare scores with friends on all Sporcle quizzes.
Join for Free
OR
Log In

You Might Also Like...

Show Comments

Extras

Created Jul 27, 2016ReportFavoriteNominate
Tags:Country Quiz, easy, file

Top Quizzes Today


Score Distribution

Your Account Isn't Verified!

In order to create a playlist on Sporcle, you need to verify the email address you used during registration. Go to your Sporcle Settings to finish the process.

Report this User

Report this user for behavior that violates our Community Guidelines.

Details: